Proceeds of Crime Act 2002 (Record no. 103675)

MARC details
000 -LEADER
fixed length control field 00811cam a2200181 4500
008 - FIXED-LENGTH DATA ELEMENTS--GENERAL INFORMATION
fixed length control field 040721n2002 000 0 eng u
020 ## - INTERNATIONAL STANDARD BOOK NUMBER
International Standard Book Number 0105429023
035 ## - SYSTEM CONTROL NUMBER
System control number (Sirsi) u126883
041 ## - LANGUAGE CODE
Language code of text/sound track or separate title eng.
245 ## - TITLE STATEMENT
Title Proceeds of Crime Act 2002
260 ## - PUBLICATION, DISTRIBUTION, ETC.
Place of publication, distribution, etc. London
Name of publisher, distributor, etc. HMSO
Date of publication, distribution, etc. 2002
520 ## - SUMMARY, ETC.
Summary, etc. Received Royal Assent on 24 July 2002. From 1 March 2004, estate agents, lawyers, accountants and casino bosses must contact the National Criminal Intelligence Service if someone makes a purchase or bet of £10 000 or more. View at www.legislation.hmso.gov.uk.
650 ## - SUBJECT ADDED ENTRY--TOPICAL TERM
Topical term or geographic name entry element PROCEEDS OF CRIME ACT 2002
650 ## - SUBJECT ADDED ENTRY--TOPICAL TERM
Topical term or geographic name entry element MONEY LAUNDERING
690 ## - LOCAL SUBJECT ADDED ENTRY--TOPICAL TERM (OCLC, RLIN)
Topical term or geographic name as entry element MANAGEMENT-BUSINESS MANAGEMENT
856 ## - ELECTRONIC LOCATION AND ACCESS
Uniform Resource Identifier <a href="https://www.legislation.gov.uk/ukpga/2002/29/contents">https://www.legislation.gov.uk/ukpga/2002/29/contents</a>
Public note View the Act free of charge at www.legislation.gov.uk
942 ## - ADDED ENTRY ELEMENTS (KOHA)
Suppress in OPAC 0
Holdings
Withdrawn status Lost status Source of classification or shelving scheme Damaged status Not for loan Home library Current library Shelving location Date acquired Total Checkouts Full call number Barcode Date last seen Copy number Price effective from Koha item type
    Dewey Decimal Classification     Virtual Virtual Online 21/07/2004   ONLINE PUBLICATION 126883-2001 06/08/2019 1 06/08/2019 Book